[Event "Politiken Cup"]
[Site "Copenhagen"]
[Date "1996.??.??"]
[Round "5"]
[White "Speelman, Jonathan S"]
[Black "Brynell, Stellan"]
[Result "1-0"]
[WhiteElo "2625"]
[BlackElo "2445"]

1.d4 e6 2.Nf3 Nf6 3.Bg5 h6 4.Bxf6 Qxf6 5.e4 d5 6.Nbd2 g6 7.Bd3 Bg7 8.c3 O-O
9.O-O b6 10.Re1 c5 11.a3 a5 12.Bb5 Bb7 13.Qa4 Rc8 14.Rad1 cxd4 15.Nxd4 Na6
16.Bxa6 Bxa6 17.exd5 exd5 18.Nf1 Bb7 19.Ne3 Rd8 20.Rd2 h5 21.Qd1 Rd7 22.a4 Rad8
23.Nec2 Re7 24.Rxe7 Qxe7 25.Re2 Qd7 26.Na3 Re8 27.Nab5 Rxe2 28.Qxe2 Ba6 29.Qe3 Bxd4
30.Nxd4 Qxa4 31.h3 Qd7 32.Qe5 Bb7 33.Qf6 Qc7 34.Nb5 Qc6 35.Nd6 Qd7 36.f4 Ba6
37.f5 Bd3 38.g4 hxg4 39.hxg4 Qc7 40.Kf2 Qd7 41.Ke3 Bc2 42.Kf4 gxf5 43.gxf5 b5
44.Ke5 b4 45.cxb4 axb4 46.Qg5+ Kf8 47.Qh6+ Kg8 48.f6 Qe6+ 49.Kd4 Qg4+ 50.Kxd5 Bb3+
51.Kc5 Be6 52.Ne4 b3 53.Kd6 Qd1+ 54.Qd2 Qxd2+ 55.Nxd2 Kf8 56.Ne4 Ke8 57.Kc7 Bd5
58.Nd6+ Kf8 59.Kd8 Be6 60.Ne4 Bd5 61.Nc5 Bc4 62.Nd7+ Kg8 63.Ke7 Bd5 64.Ne5 Be6
65.Nc6 Bc4 66.Nd8 Bd5 67.Kd6 Bc4 68.Kc5 Be2 69.Nc6 Kf8 70.Nd4 Bd1 71.Kc4 Ke8
72.Nxb3 Bxb3+ 73.Kxb3 Kd7 74.Ka4 Ke6 75.b4 Kxf6 76.b5 Ke7 77.Ka5 Kd7 78.Ka6 Kc8
79.Ka7  1-0

[Event "Politiken Cup"]
[Site "Copenhagen"]
[Date "1996.??.??"]
[Round "6"]
[White "Hjartarson, Johann"]
[Black "Speelman, Jonathan S"]
[Result "1/2-1/2"]
[WhiteElo "2570"]
[BlackElo "2625"]

1.d4 e6 2.e4 d5 3.Nc3 Nf6 4.Bg5 dxe4 5.Nxe4 Nbd7 6.Nf3 Be7 7.Nxf6+ Bxf6 8.h4 h6
9.Be3 Qe7 10.c3 e5 11.d5 Nb6 12.Qb3 O-O 13.Nd2 Rd8 14.c4 e4 15.Qc2 c6 16.dxc6 bxc6
17.Be2 Bf5 18.g4 Bg6 19.g5 hxg5 20.hxg5 Bxg5 21.O-O-O Bxe3 22.fxe3 Qg5 23.Qc3 Na4
24.Qa3 Nxb2 25.Kxb2 Rab8+ 26.Kc1 Qf6 27.Rhf1 Qe5 28.Nb1 Rd3 29.Bxd3 exd3
30.Nc3 Qxe3+ 31.Rd2 Qd4 32.Qa5 c5 33.Re1 Bf5 34.Rf1 Rb4 35.Qa3 Be4 36.Rb2 d2+
37.Kd1 Qd3 38.Rf2 Bf3+ 39.Rxf3 Qxf3+ 40.Kxd2 Qf4+ 41.Kd1 Qf1+ 42.Kd2 Qxc4
43.Ne2 Qd5+ 44.Ke1 Qh1+ 45.Kd2 Qd5+ 46.Ke1  1/2-1/2

[Event "Politiken Cup"]
[Site "Copenhagen"]
[Date "1996.??.??"]
[Round "8"]
[White "Gulko, Boris F"]
[Black "Speelman, Jonathan S"]
[Result "1-0"]
[WhiteElo "2615"]
[BlackElo "2625"]

1.d4 e6 2.c4 b6 3.Nc3 Bb4 4.e3 Bb7 5.Ne2 f5 6.a3 Bd6 7.d5 Nf6 8.g3 Na6 9.Bg2 Nc5
10.O-O O-O 11.b4 Nce4 12.Rb1 exd5 13.Nxd5 Nxd5 14.cxd5 Qe7 15.Bb2 a5 16.Nc3 axb4
17.axb4 Rae8 18.Qd4 Rf7 19.Ba1 Be5 20.Qd3 Bxc3 21.Bxc3 Qd6 22.Bb2 Qxd5 23.Qc2 Bc6
24.Rfd1 Qe6 25.b5 Bxb5 26.Bxg7 Qc4 27.Qb2 Rxg7 28.Bf1 Qc3 29.Qxb5 Qc2 30.Rxd7 Qxf2+
31.Kh1 Qf3+ 32.Bg2 Nf2+ 33.Kg1 Qxe3 34.Rxg7+ Kxg7 35.Qb2+ Kg6 36.Qxf2 h5
37.Bc6 Re6 38.Qxe3 Rxe3 39.Rb4 Rc3 40.Be8+  1-0

[Event "Politiken Cup"]
[Site "Copenhagen"]
[Date "1996.??.??"]
[Round "10"]
[White "Schandorff, Lars"]
[Black "Speelman, Jonathan S"]
[Result "0-1"]
[WhiteElo "2485"]
[BlackElo "2625"]

1.d4 e6 2.c4 b6 3.a3 Bb7 4.Nc3 Nf6 5.Nf3 g6 6.Bf4 Bg7 7.e3 O-O 8.Be2 d6 9.Qc2 Nbd7
10.O-O Qe7 11.h3 c5 12.dxc5 Nxc5 13.Nd2 Rfc8 14.Rac1 d5 15.b4 Ncd7 16.Qb3 h6
17.Bg3 a5 18.Nb5 Ne8 19.cxd5 Bxd5 20.Bc4 Bb7 21.Rfd1 axb4 22.axb4 Ne5 23.Be2 Bd5
24.Nc4 Nxc4 25.Bxc4 Ra1 26.Rxa1 Bxc4 27.Qa4 Bxa1 28.Rxa1 Bd5 29.Qa7 Qd8 30.Qa3 Ra8
31.Na7 Nf6 32.Qc1 Ne4 33.Bc7 Qf6 34.f4 Qh4 35.Qb2 Rxa7 36.Rxa7 Qe1+ 37.Kh2 Qg3+
38.Kg1 Qxe3+ 39.Kh2 Nd2 40.Ra2 Nf1+ 41.Kh1 Ng3+ 42.Kh2 Nf1+ 43.Kh1 Qxh3+
44.Kg1 Qe3+ 45.Kh1 Ng3+ 46.Kh2 Bxa2 47.Qxa2 Ne2  0-1

[Event "Geneve Credit Suisse"]
[Site "Geneve"]
[Date "1996.??.??"]
[Round "1.7"]
[White "Speelman, Jonathan S"]
[Black "Dreev, Alexey"]
[Result "1-0"]
[WhiteElo "2625"]
[BlackElo "2645"]

1.Nf3 d5 2.g3 c6 3.Bg2 Bg4 4.O-O Nd7 5.d4 e6 6.Nbd2 Ngf6 7.Re1 Be7 8.e4 dxe4
9.Nxe4 O-O 10.c3 Re8 11.Qb3 Qb6 12.Ned2 c5 13.h3 Bh5 14.Qxb6 axb6 15.Ne5 cxd4
16.Nxd7 Nxd7 17.cxd4 Ra7 18.Ne4 b5 19.Be3 Ra5 20.Nc5 Nxc5 21.dxc5 b4 22.Rac1 Rb8
23.Rc4 Rb5 24.a4 bxa3 25.bxa3 Rd8 26.Rec1 Rd3 27.Ra4 Rb2 28.Rb4 Rdb3 29.Bxb7 f5
30.c6 Rxb4 31.axb4 Bf3 32.Bc8 Bd5 33.c7 Bd6 34.Bd7 Bxc7 35.Rxc7 Rxb4 36.Rc8+ Kf7
37.Rf8+ Kxf8 38.Bc5+ Kf7 39.Bxb4 Bf3 40.Bc3 g5 41.Be5 h6 42.Bb5 Bd5 43.Bf1 Kg6
44.Bg2 Bc4 45.Bc6 h5 46.Be8+ Kh6 47.h4 gxh4 48.gxh4 Be2 49.f4 Bf3 50.Kf2 Bd5
51.Ke3 Bc4 52.Kd4 Bd5 53.Kc5 Bb3 54.Kd6 Bd5 55.Ke7 Bc4 56.Bf7 Bb3 57.Bxe6 Bc2
58.Kf6 Bb1 59.Bxf5 Ba2 60.Bd6 Bb1 61.Bf8+  1-0

[Event "Geneve Credit Suisse"]
[Site "Geneve"]
[Date "1996.??.??"]
[Round "2.4"]
[White "Speelman, Jonathan S"]
[Black "Kramnik, Vladimir"]
[Result "1-0"]
[WhiteElo "2625"]
[BlackElo "2765"]

1.Nf3 d5 2.g3 Bg4 3.Bg2 Nd7 4.d4 e6 5.O-O Ngf6 6.Nbd2 Be7 7.Re1 O-O 8.e4 c5
9.exd5 Nxd5 10.h3 Bh5 11.dxc5 Nxc5 12.a3 Qc7 13.Qe2 Rfd8 14.Nf1 a5 15.Ne3 Nb6
16.Ng4 Ncd7 17.Bf4 Qc4 18.Qxc4 Nxc4 19.Nfe5 Ndxe5 20.Nxe5 Nd6 21.g4 Bg6 22.c4 Rac8
23.Rac1 Bf8 24.b4 axb4 25.axb4 Nxc4 26.Nxg6 hxg6 27.Bxb7 Rd4 28.Be3 Nxe3
29.Rxc8 Nc4 30.Ra1 Nb6 31.Rb8 Rxb4 32.Bc6 g5 33.Ra6 Nd5 34.Rd8 Nb6 35.Ra7 g6
36.Rb7 Nc4 37.Rxb4  1-0

[Event "Geneve Credit Suisse"]
[Site "Geneve"]
[Date "1996.??.??"]
[Round "2.4"]
[White "Kramnik, Vladimir"]
[Black "Speelman, Jonathan S"]
[Result "1/2-1/2"]
[WhiteElo "2765"]
[BlackElo "2625"]

1.Nf3 b6 2.g3 Bb7 3.Bg2 g6 4.d4 Bg7 5.O-O Nf6 6.c4 e6 7.Nc3 Ne4 8.Nxe4 Bxe4
9.Bg5 Qc8 10.Qd2 h6 11.Be3 Qb7 12.Rfd1 d5 13.Rac1 Nd7 14.cxd5 Bxd5 15.b3 Rc8
16.Ne1 Bxg2 17.Nxg2 Nf6 18.Bf4 Nd5 19.Be5 f6 20.Bf4 g5 21.Be3 O-O 22.f3 Nxe3
23.Qxe3 Qd5 24.Qd3 c6 25.Ne3 Qd7 26.Nc4 Rfd8 27.e3 f5 28.Qe2 Qe7 29.Kg2 Rd7
30.Nb2 c5 31.Na4 Rcd8 32.Nb2 cxd4 33.e4 d3 34.Nxd3 Qf7 35.Nb4 fxe4 36.fxe4 Qe8
37.Rxd7 Qxd7 38.Nc6 Qd2 39.Rc2 Qxe2+ 40.Rxe2 Rd7 41.a4 a5 42.Kf2 Rd3 43.Re3 Rd6
44.Ne7+ Kf7 45.Nc8 Rc6 46.Rf3+ Ke8 47.Na7 Rc2+ 48.Kg1 Bd4+ 49.Kf1 Rxh2 50.Nc6 Bc5
51.Rf6 Kd7 52.Ne5+ Kd6 53.Nc4+ Ke7 54.Rg6 Rf2+ 55.Ke1 Rf6 56.Rg7+ Kf8 57.Rb7 Rf3
58.Nxb6 Bxb6 59.Rxb6 Rxg3 60.Rxe6 Kg7 61.Re5 Rxb3 62.Kf2 Rb4 63.Rxa5 Rxe4
64.Ra6 h5 65.a5 h4 66.Rb6 Ra4 67.a6 g4 68.a7 Ra2+ 69.Kg1 Ra1+ 70.Kg2 Ra2+
71.Kg1 Rxa7 72.Rb4 Ra1+ 73.Kg2 h3+ 74.Kh2 Ra2+ 75.Kh1 Rg2 76.Rb7+ Kg6 77.Rg7+  1/2-1/2

[Event "Bundesliga 9697"]
[Site "Germany"]
[Date "1996.??.??"]
[Round "?.3"]
[White "Speelman, Jonathan S"]
[Black "Huebner, Robert"]
[Result "1/2-1/2"]
[WhiteElo "2625"]
[BlackElo "2595"]

1.Nf3 d5 2.g3 Nf6 3.Bg2 c6 4.O-O Bg4 5.d4 Nbd7 6.Nbd2 e6 7.Re1 Be7 8.e4 dxe4
9.Nxe4 O-O 10.c3 Qb6 11.Qb3 Nxe4 12.Rxe4 Bf5 13.Re1 a5 14.Ne5 a4 15.Nxd7 Qc7
16.Qd1 Qxd7 17.h4 h6 18.Qf3 Ra5  1/2-1/2

[Event "Bundesliga 9697"]
[Site "Germany"]
[Date "1996.??.??"]
[Round "?.3"]
[White "Nunn, John DM"]
[Black "Speelman, Jonathan S"]
[Result "1/2-1/2"]
[WhiteElo "2605"]
[BlackElo "2625"]

1.e4 c6 2.d4 d5 3.exd5 cxd5 4.c4 Nf6 5.Nc3 Nc6 6.Nf3 a6 7.cxd5 Nxd5 8.Bd3 Bg4
9.O-O e6 10.Be4 Be7 11.Qd3 Rc8 12.Re1 Ncb4 13.Qd2 Nxc3 14.bxc3 Bxf3 15.Bxf3 Nd5
16.Bb2 O-O 17.Qd3 b5 18.a4 Bf6 19.axb5 axb5 20.Be4  1/2-1/2

[Event "Hastings9596"]
[Site "Hastings"]
[Date "1996.??.??"]
[Round "1"]
[White "Speelman, Jonathan S"]
[Black "Sadler, Matthew"]
[Result "1/2-1/2"]
[WhiteElo "2620"]
[BlackElo "2565"]

1.Nf3 d5 2.g3 Nf6 3.Bg2 c6 4.O-O Bf5 5.d3 e6 6.Nbd2 h6 7.Qe1 Be7 8.e4 Bh7
9.Qe2 O-O 10.Re1 a5 11.a4 Na6 12.exd5 cxd5 13.Nb3 Rc8 14.Nbd4 Bd6 15.Bh3 Re8
16.Bf4 Bxf4 17.gxf4 Nb4 18.Rad1 Nd7 19.c3 Nc6 20.Kh1 Qf6 21.Qe3 Nxd4 22.Nxd4 Nf8
23.Re2 Re7 24.f5 e5 25.f4 Rce8 26.fxe5 Rxe5 27.Qf2 Nd7 28.Rde1 g5 29.Rxe5 Rxe5
30.Rxe5 Qxe5 31.Bf1 Nc5 32.b3 Kg7 33.Kg2 Kf6 34.Be2 b6 35.Kh3 h5 36.Kg2  1/2-1/2

[Event "Hastings9596"]
[Site "Hastings"]
[Date "1996.??.??"]
[Round "4"]
[White "Yermolinsky, Alex"]
[Black "Speelman, Jonathan S"]
[Result "0-1"]
[WhiteElo "2560"]
[BlackElo "2620"]

1.d4 e6 2.c4 b6 3.g3 Bb7 4.Nf3 Bb4+ 5.Bd2 Bxf3 6.exf3 Bxd2+ 7.Nxd2 Nf6 8.f4 Nc6
9.Nf3 Ne7 10.Bg2 O-O 11.O-O c6 12.Rc1 Rb8 13.Ne5 Rc8 14.Qe2 d6 15.Nf3 Qc7
16.Bh3 Rfe8 17.Rc3 Rcd8 18.Rfc1 g6 19.Qc2 c5 20.Rd1 Nc6 21.Re3 d5 22.dxc5 bxc5
23.cxd5 Nxd5 24.Ree1 Ncb4 25.Qc4 Nb6 26.Qb3 a5 27.Ne5 a4 28.Qf3 Nc2 29.Rxd8 Rxd8
30.Rc1 Nd4 31.Qe4 Nd5 32.Bg2 Qb6 33.Nc4 Qa6 34.h3 Nb6 35.Bf1 Nxc4 36.Rxc4 Qa7
37.Bg2 Qb6 38.Rxa4 Qxb2 39.h4 Ne2+  0-1

[Event "Hastings9596"]
[Site "Hastings"]
[Date "1996.??.??"]
[Round "6"]
[White "Conquest, Stuart"]
[Black "Speelman, Jonathan S"]
[Result "0-1"]
[WhiteElo "2455"]
[BlackElo "2620"]

1.e4 c6 2.d4 d5 3.Nc3 dxe4 4.Nxe4 Nd7 5.Nf3 Ngf6 6.Ng3 c5 7.Be2 e6 8.O-O Qc7
9.c4 cxd4 10.Qxd4 b6 11.Bf4 Qc5 12.Qc3 Bb7 13.Rad1 Be7 14.Ng5 O-O 15.Qc2 Rfd8
16.b4 Qc6 17.Bf3 Qc8 18.Bd6 Bxd6 19.Rxd6 Bxf3 20.Nxf3 Qc7 21.Rfd1 Nd5 22.Rxd7 Rxd7
23.Qe4 Rad8 24.cxd5 Rxd5 25.Rxd5 Rxd5 26.h4 h6 27.a4 Qc6 28.Qf4 Qxa4 29.Qb8+ Kh7
30.Qf8 Qd7 31.Qb8 Qe7 32.Qf4 a5 33.bxa5 bxa5 34.Ne4 Qb4 35.Qe3 a4 36.Nc3 Rd8
37.g3 Rc8 38.Qd3+ f5 39.Nb5 a3  0-1

[Event "Hastings9596"]
[Site "Hastings"]
[Date "1996.??.??"]
[Round "9"]
[White "Khalifman, Alexander"]
[Black "Speelman, Jonathan S"]
[Result "1/2-1/2"]
[WhiteElo "2655"]
[BlackElo "2620"]

1.e4 c6 2.d4 d5 3.Nc3 dxe4 4.Nxe4 Nd7 5.Ng5 Ngf6 6.Bd3 e6 7.N1f3 Bd6 8.Qe2 h6
9.Ne4 Nxe4 10.Qxe4 Qc7 11.Qg4 Kf8 12.O-O c5 13.Re1 b6 14.Ne5 cxd4 15.Qf3 Bxe5
16.Qxa8 Bxh2+ 17.Kf1 Bd6 18.Bd2 Ke7 19.Qe4 Qc5 20.b4 Qh5 21.Bf4 Bxf4 22.Qxf4 Bb7
23.Kg1 Qg5 24.Qxg5+ hxg5 25.Be4 Bxe4 26.Rxe4 Rc8 27.Rxd4 Rxc2 28.Rad1 Nf6
29.R4d2 Rc4 30.Rd4 Rc2 31.R4d2 Rc4  1/2-1/2

[Event "ESP-chT"]
[Site "Oropesa del Mar"]
[Date "1996.??.??"]
[Round "1"]
[White "Speelman, Jonathan S"]
[Black "Illescas Cordoba, Miguel"]
[Result "1/2-1/2"]
[WhiteElo "2625"]
[BlackElo "2640"]

1.Nf3 c5 2.b3 d5 3.e3 Nf6 4.Bb2 e6 5.Bb5+ Nbd7 6.c4 dxc4 7.bxc4 Be7 8.O-O O-O
9.Ba4 b6 10.Qe2 Bb7 11.Rd1 Qc7 12.h3 Rfd8 13.d3 Nf8 14.Nbd2 Ng6 15.Nf1 Nd7
16.Rab1 Bc6 17.Bxc6 Qxc6 18.Ng3 Bf6 19.Bc1 Nh4 20.Ne4 Nxf3+ 21.Qxf3 Qa4 22.Qe2 Be7
23.Bb2 Nf8 24.g3 Qc6 25.h4 f6 26.h5 h6 27.f4 Rac8 28.g4 Nh7 29.Ba1 Rd7 30.Qg2 Kh8
31.Ng3 Qa4 32.Qe4 Nf8 33.Rd2 Rcd8 34.Rb3 Rd6 35.Qb7 R6d7 36.Qg2 b5 37.Qc6 Qa5
38.Bc3  1/2-1/2

[Event "ESP-chT"]
[Site "Oropesa del Mar"]
[Date "1996.??.??"]
[Round "2"]
[White "Spraggett, Kevin"]
[Black "Speelman, Jonathan S"]
[Result "1/2-1/2"]
[WhiteElo "2530"]
[BlackElo "2625"]

1.c4 b6 2.b3 Bb7 3.Bb2 e6 4.Nf3 f5 5.g3 Nf6 6.Bg2 g6 7.O-O Bg7 8.Nc3 O-O
9.d4 Ne4 10.e3 d6 11.Qe2 Nd7 12.Rfd1 Qe7 13.Rac1 Ndf6 14.b4 a5 15.b5 Nxc3
16.Bxc3 Ne4 17.Bb2 Rab8 18.Ba3 Rfe8 19.Ne5 Qd8 20.Nd3 Qd7 21.Bb2 Qe7 22.a4  1/2-1/2

[Event "ESP-chT"]
[Site "Oropesa del Mar"]
[Date "1996.??.??"]
[Round "3"]
[White "Speelman, Jonathan S"]
[Black "Galiana, Juan Ramon"]
[Result "1-0"]
[WhiteElo "2625"]
[BlackElo "2215"]

1.Nf3 d5 2.g3 Nf6 3.Bg2 c6 4.O-O Bf5 5.d3 h6 6.c4 e6 7.Be3 Be7 8.Qb3 Qc8
9.Nc3 O-O 10.Rac1 Nbd7 11.Nd4 dxc4 12.Nxf5 exf5 13.Qxc4 Ne5 14.Qb3 Ng6 15.d4 Ng4
16.Bd2 Bd6 17.d5 c5 18.Nb5 Rd8 19.Nxd6 Rxd6 20.Qc2 b6 21.b4 c4 22.Qxc4 Qxc4
23.Rxc4 Nf6 24.Rd1 Rad8 25.Bc3 Ne4 26.Bxe4 fxe4 27.Rxe4 Rxd5 28.Rxd5 Rxd5
29.Re8+ Kh7 30.Kg2 Rd7 31.b5 Ne7 32.e4 Kg6 33.Bb4 Rd4 34.a3  1-0

[Event "ESP-chT"]
[Site "Oropesa del Mar"]
[Date "1996.??.??"]
[Round "4"]
[White "Speelman, Jonathan S"]
[Black "Campora, Daniel H"]
[Result "1/2-1/2"]
[WhiteElo "2625"]
[BlackElo "2545"]

1.Nf3 d5 2.g3 Bg4 3.Bg2 Nd7 4.O-O Ngf6 5.d4 e6 6.c4 Be7 7.Qb3 Qc8 8.Nc3 c6
9.Bf4 O-O 10.Rac1 dxc4 11.Qxc4 Nd5 12.Bd2 Rd8 13.Rfd1 Nxc3 14.Bxc3 a5 15.Be1 Qc7
16.a3 Qb6 17.Bc3 Qa6 18.Qxa6 Rxa6 19.h3 Bh5 20.g4 Bg6 21.Nd2 f6 22.Nc4 Rda8
23.e4 Nb6 24.Nxb6 Rxb6 25.f4 c5 26.d5 exd5 27.Rxd5 Be8 28.Re1 Bc6 29.Rd2 Kf8
30.e5 Bxg2 31.Kxg2 fxe5 32.Rxe5 Rd8 33.Rde2 Rd7 34.a4 Ra6 35.f5 g6 36.Rf2 gxf5
37.Rfxf5+ Kg8 38.Re4 Rad6 39.Bxa5 Rd4 40.Rff4 Bf6 41.Rxd4 Bxd4 42.Bb6 Be3
43.Rf5 Rd2+ 44.Kf3 Rxb2 45.Kxe3 Rxb6 46.Rxc5 Rb3+ 47.Kd4 Rxh3 48.Rc8+ Kf7
49.Rc7+ Kg6 50.Rxb7 Rg3 51.Rb4 Rxg4+ 52.Kc5 Rg1 53.a5 Ra1 54.Kb6 h5 55.a6 Kg5
56.Rb5+ Kg4 57.Ra5 Re1 58.a7 Re8 59.a8=Q Rxa8 60.Rxa8 h4 61.Kc5 h3  1/2-1/2

[Event "ESP-chT"]
[Site "Oropesa del Mar"]
[Date "1996.??.??"]
[Round "7"]
[White "Gulko, Boris F"]
[Black "Speelman, Jonathan S"]
[Result "1/2-1/2"]
[WhiteElo "2615"]
[BlackElo "2625"]

1.d4 e6 2.Nf3 c5 3.e3 Nf6 4.c4 d5 5.Nc3 a6 6.cxd5 exd5 7.Be2 Nc6 8.O-O Bd6
9.dxc5 Bxc5 10.a3 O-O 11.b4 Ba7 12.Bb2 d4 13.exd4 Nxd4 14.Nxd4 Bxd4 15.Bf3 Rb8
16.Qd2 Bg4 17.Bxg4 Nxg4 18.Qf4 Qf6  1/2-1/2

[Event "ESP-chT"]
[Site "Oropesa del Mar"]
[Date "1996.??.??"]
[Round "8"]
[White "Speelman, Jonathan S"]
[Black "Strikovic, Aleksa"]
[Result "1/2-1/2"]
[WhiteElo "2625"]
[BlackElo "2550"]

1.d4 d6 2.c3 Nf6 3.Bg5 g6 4.Bxf6 exf6 5.g3 Bg7 6.Bg2 O-O 7.Nf3 f5 8.e3 Nd7
9.O-O Nf6 10.Nbd2 Ne4 11.Ne1 Re8 12.Qc2 Qe7 13.Nd3 Bd7 14.Rfe1 c5 15.Nf4 Bc6
16.Rad1 Rad8 17.h4 Bh6 18.Nxe4 fxe4 19.Qb3 Bg7 20.dxc5 dxc5 21.Bf1 Be5 22.Rxd8 Rxd8
23.Bb5 Bxf4 24.exf4 Qd7 25.Bxc6 Qxc6 26.Qc4 e3 27.Qe2 exf2+ 28.Qxf2 Rd3 29.Re3 c4
30.Re2 h5 31.Kh2 a5 32.f5 Rd1 33.Re1 Rxe1 34.Qxe1 Qd5  1/2-1/2

[Event "ESP-chT"]
[Site "Oropesa del Mar"]
[Date "1996.??.??"]
[Round "9"]
[White "Vaisser, Anatoli"]
[Black "Speelman, Jonathan S"]
[Result "1/2-1/2"]
[WhiteElo "2565"]
[BlackElo "2625"]

1.d4 e6 2.Nf3 c5 3.e3 Nf6 4.c4 d5 5.cxd5 exd5 6.Bb5+ Bd7 7.Bxd7+ Qxd7 8.Ne5 Qc7
9.Qa4+ Nc6 10.Nc3 Be7 11.Nxc6  1/2-1/2

[Event "Pamplona9697"]
[Site "Pamplona"]
[Date "1996.??.??"]
[Round "2"]
[White "Azmaiparashvili, Zurab"]
[Black "Speelman, Jonathan S"]
[Result "1/2-1/2"]
[WhiteElo "2670"]
[BlackElo "2625"]

1.d4 e6 2.c4 b6 3.a3 Bb7 4.Nc3 Nf6 5.Nf3 g6 6.d5 Bg7 7.e4 O-O 8.Be2 exd5
9.exd5 c6 10.O-O Na6 11.Bg5 h6 12.Be3 Nc7 13.Qd2 Kh7 14.d6 Ne6 15.Ne5 c5
16.f3 Ne4 17.fxe4 Bxe5 18.Nd5 Qh4 19.g3 Bxg3 20.hxg3  1/2-1/2

[Event "Pamplona9697"]
[Site "Pamplona"]
[Date "1996.??.??"]
[Round "3"]
[White "Speelman, Jonathan S"]
[Black "Almasi, Zoltan"]
[Result "1/2-1/2"]
[WhiteElo "2625"]
[BlackElo "2655"]

1.Nf3 Nf6 2.c4 e6 3.Nc3 Bb4 4.e3 O-O 5.Be2 b6 6.O-O d5 7.a3 Bd6 8.b4 Bb7
9.cxd5 exd5 10.Nb5 Be7 11.Nbd4 Re8 12.Rb1 c6 13.Qc2 Qc7 14.Bb2 Nbd7 15.Bb5 Rac8
16.Rfc1 Nb8 17.Bd3 a6 18.Ng5 g6 19.f4 Nbd7 20.Ndf3 Bd6 21.Bf5 gxf5 22.Qxf5 h6
23.Bxf6 Nxf6 24.Qxf6 hxg5 25.Qxg5+ Kf8 26.Nd4 Re4  1/2-1/2

[Event "Pamplona9697"]
[Site "Pamplona"]
[Date "1996.??.??"]
[Round "4"]
[White "Gulko, Boris F"]
[Black "Speelman, Jonathan S"]
[Result "1/2-1/2"]
[WhiteElo "2615"]
[BlackElo "2625"]

1.d4 e6 2.c4 b6 3.a3 Bb7 4.Nc3 Nf6 5.Nf3 g6 6.d5 Bg7 7.g3 O-O 8.Bg2 c6 9.d6 c5
10.O-O Ne4 11.Nxe4 Bxe4 12.Bg5 f6 13.Be3 Nc6 14.Ne1 Bxg2 15.Nxg2 f5 16.Rb1 a5
17.Qd2 Qb8 18.Rfd1 Nd4 19.Bxd4 cxd4 20.e3 dxe3 21.Nxe3 f4  1/2-1/2

[Event "Yerevan ol (Men)"]
[Site "Yerevan"]
[Date "1996.??.??"]
[Round "2"]
[White "Speelman, Jonathan S"]
[Black "Borge, Nikolaj"]
[Result "1-0"]
[WhiteElo "2625"]
[BlackElo "2455"]

1.d4 d5 2.Nf3 Nf6 3.c4 dxc4 4.e3 e6 5.Bxc4 c5 6.O-O a6 7.a4 Nc6 8.Nc3 Be7
9.Qe2 cxd4 10.Rd1 O-O 11.exd4 Nd5 12.Bd2 b6 13.Bb3 Ndb4 14.Ne4 Na5 15.Bxb4 Nxb3
16.Bxe7 Qxe7 17.Ra3 Na5 18.Re3 Bb7 19.Nc3 Qd6 20.Ng5 h6 21.Nge4 Bxe4 22.Rxe4 Rfd8
23.d5 exd5 24.Nxd5 Kf8 25.g3 Qc6 26.Red4 Re8 27.Qd3 Kg8 28.Rg4 Re6 29.b4 Nb7
30.Qd4 g5 31.h4 f5 32.hxg5 fxg4 33.gxh6  1-0

[Event "Yerevan ol (Men)"]
[Site "Yerevan"]
[Date "1996.??.??"]
[Round "3"]
[White "Fridman, Daniel"]
[Black "Speelman, Jonathan S"]
[Result "0-1"]
[WhiteElo "2500"]
[BlackElo "2625"]

1.Nf3 b6 2.b3 Bb7 3.Bb2 e6 4.e3 f5 5.c4 Nf6 6.Nc3 g6 7.Be2 Bg7 8.O-O O-O
9.d4 Ne4 10.Qc2 d6 11.Rfd1 Nd7 12.d5 Nxc3 13.Bxc3 Bxc3 14.Qxc3 e5 15.b4 a5
16.a3 Rf7 17.Rac1 Qf6 18.Qb2 Bc8 19.Rd2 g5 20.Ne1 g4 21.Nd3 Qg5 22.c5 bxc5
23.bxc5 f4 24.exf4 exf4 25.cxd6 cxd6 26.Rdc2 Ba6 27.Ne1 Bxe2 28.Rc8+ Rxc8
29.Rxc8+ Nf8 30.Qxe2 Re7 31.Qd2 Kf7 32.Qxa5 Nd7 33.Nd3 Nc5 34.Nxc5 Qxd5 35.h4 g3
36.fxg3 fxg3 37.Rf8+ Kxf8 38.Nd7+ Kg7 39.Qc3+ Kf7 40.Qxg3 Rxd7  0-1

[Event "Yerevan ol (Men)"]
[Site "Yerevan"]
[Date "1996.??.??"]
[Round "4"]
[White "Ionescu, Constantin"]
[Black "Speelman, Jonathan S"]
[Result "1/2-1/2"]
[WhiteElo "2520"]
[BlackElo "2625"]

1.d4 e6 2.c4 b6 3.a3 Bb7 4.Nc3 f5 5.Nf3 Nf6 6.d5 Be7 7.g3 Ne4 8.Bd2 Bf6 9.Qc2 Nxc3
10.Bxc3 exd5 11.cxd5 Bxd5 12.Qxf5 Bxc3+ 13.bxc3 Qf6 14.Qxf6 gxf6 15.Bg2 Na6
16.Nh4 Bxg2 17.Nxg2 Nc5 18.Nf4 c6 19.c4 Kf7 20.f3 Rhe8 21.Kf2 Re5 22.a4 Rd8
23.Ra3 Ne6 24.Nd3 Ra5 25.Rc1 Re8 26.Rc2 Rh5 27.h4 Ra5 28.e4 Ke7 29.Rd2 Kd8
30.Rd1 Kc7 31.Rd2 Re7 32.Rd1 a6 33.Rd2 Nc5 34.Nxc5 Rxc5 35.Rd4 Rg7 36.Ra2 Ra5
37.Rdd2 Re7 38.Kg2 Re6 39.Kf2 Re8 40.Rd4 Rg8 41.f4  1/2-1/2

[Event "Yerevan ol (Men)"]
[Site "Yerevan"]
[Date "1996.??.??"]
[Round "5"]
[White "Speelman, Jonathan S"]
[Black "Van der Sterren, Paul"]
[Result "1/2-1/2"]
[WhiteElo "2625"]
[BlackElo "2510"]

1.Nf3 d5 2.g3 c5 3.Bg2 Nc6 4.d4 e6 5.O-O Nf6 6.c4 dxc4 7.dxc5 Qxd1 8.Rxd1 Bxc5
9.Nbd2 c3 10.bxc3 O-O 11.Nb3 Be7 12.Nfd4 Bd7 13.Bg5 Rac8 14.Bxf6 Bxf6 15.Nc5 Nxd4
16.cxd4 Bb5 17.e3 b6 18.Ne4 Be7 19.a4 Be2 20.Rd2 Bc4 21.Rb2 Rfd8 22.Nd2 Bd3
23.Bf1 Bxf1 24.Kxf1 Rd5 25.Rb5 Rc2 26.Nf3 f6 27.Ne1 Rxb5 28.axb5 Rb2 29.Rxa7 Kf7
30.Nd3 Rxb5 31.Ke2 g5 32.e4 Rb1 33.Rb7 b5 34.f4 Rh1 35.fxg5 Rxh2+ 36.Kf3 fxg5
37.Ne5+ Kf8 38.Rxb5 h5 39.Rb6 g4+ 40.Kf4 Rf2+ 41.Ke3 Rg2 42.Kf4  1/2-1/2

[Event "Yerevan ol (Men)"]
[Site "Yerevan"]
[Date "1996.??.??"]
[Round "11"]
[White "Speelman, Jonathan S"]
[Black "Cramling, Pia"]
[Result "1/2-1/2"]
[WhiteElo "2625"]
[BlackElo "2545"]

1.d4 Nf6 2.Nf3 g6 3.Bg5 Bg7 4.Nbd2 d5 5.e3 c5 6.c3 Qb6 7.Qb3 O-O 8.Be2 Nc6
9.O-O Bf5 10.dxc5 Qxc5 11.Nd4 Bc8 12.Rfd1 e5 13.Qb5 Qd6 14.N4b3 a6 15.Qd3 Rd8
16.e4 d4 17.cxd4 Nxd4 18.Nxd4 Qxd4 19.Qb3 Be6 20.Bc4 Bxc4 21.Nxc4 Qc5 22.Ne3 Rxd1+
23.Rxd1 Qb5 24.Qc2 Qe8 25.Rc1 h6 26.Bxf6 Bxf6 27.Nd5 Bd8 28.g3 Rb8 29.Kg2 Qe6
30.Qb3 Kg7 31.Rc3 h5 32.h3 Qe8 33.Qc2 Qe6 34.Rc5 Be7 35.Rc4 Bd6 36.Qb3 Rc8
37.Rxc8 Qxc8 38.Qb6 Qd7 39.a4 Be7 40.b3 Bd6 41.Qe3 Qc6 42.Qg5 Bb8 43.Qe7 Bd6
44.Qf6+ Kg8 45.Kf3 Qc5 46.b4 Qc6 47.b5 axb5 48.axb5 Qc5 49.Kg2 Qa3 50.g4 hxg4
51.hxg4 Qc5 52.b6 Qc8 53.Kg3 Qf8 54.Kf3 Qb8 55.Ke2 Bc5 56.Qh4 Kg7 57.Kd3 Qe8
58.g5 Qb5+ 59.Kd2 Qb2+ 60.Ke1 Qc1+ 61.Ke2 Qc2+ 62.Ke1  1/2-1/2

[Event "BCF-ch"]
[Site "Hove"]
[Date "1997.08.05"]
[Round "2"]
[White "Ledger, Andrew"]
[Black "Speelman, Jonathan S"]
[Result "0-1"]
[WhiteElo "2415"]
[BlackElo "2630"]

1.Nf3 d5 2.g3 Bg4 3.Bg2 c6 4.b3 Nd7 5.Bb2 e6 6.O-O Ngf6 7.c4 Bd6 8.d3 O-O
9.Nbd2 Qe7 10.h3 Bh5 11.a3 a5 12.Qc2 Rfe8 13.e3 h6 14.Nh4 Nf8 15.f4 Ng6 16.Nxg6 Bxg6
17.Nf3 Nd7 18.e4 dxe4 19.dxe4 Nf6 20.Ne5 Bh7 21.Qe2 Bc5+ 22.Kh2 Red8 23.Ng4 Nxe4
24.Bxe4 Bxe4 25.Bxg7 Kxg7 26.Qxe4 f5 27.Qe5+ Kg6 28.Rae1 Rd2+ 29.Re2 Rxe2+
30.Qxe2 fxg4 31.Qxg4+ Kh7 32.f5 Rg8 33.Qe4 exf5 34.Qxf5+ Kh8 35.Qh5 Qg5  0-1

[Event "BCF-ch"]
[Site "Hove"]
[Date "1997.08.07"]
[Round "4"]
[White "Pein, Malcolm"]
[Black "Speelman, Jonathan S"]
[Result "1-0"]
[WhiteElo "2430"]
[BlackElo "2630"]

1.d4 e6 2.e4 d5 3.Nc3 dxe4 4.Nxe4 Nd7 5.Nf3 Ngf6 6.Nxf6+ Nxf6 7.c3 c5 8.Be3 Nd5
9.Bb5+ Bd7 10.Bxd7+ Qxd7 11.Ne5 Qc7 12.Qa4+ Ke7 13.O-O f6 14.Nf3 c4 15.Nd2 Nb6
16.Qb5 Kf7 17.Qh5+ g6 18.Qh3 h5 19.Rae1 Re8 20.Ne4 Nd5 21.Bd2 b6 22.Re2 Bh6
23.Rfe1 Bxd2 24.Rxd2 g5 25.b3 Nf4 26.Qe3 Kg6 27.bxc4 Qxc4 28.h4 Nd5 29.Qg3 Re7
30.hxg5 h4 31.Qf3 f5 32.Nd6 Qxc3 33.Rxe6+ Rxe6 34.Qxf5+ Kh5 35.Qxe6 Nf4 36.Qf7+ Ng6
37.Ne4 Qa3 38.Qf5 Qc1+ 39.Kh2 Qc7+ 40.Kg1  1-0

[Event "BCF-ch"]
[Site "Hove"]
[Date "1997.08.14"]
[Round "10"]
[White "Emms, John M"]
[Black "Speelman, Jonathan S"]
[Result "1/2-1/2"]
[WhiteElo "2530"]
[BlackElo "2630"]

1.e4 c6 2.d4 d5 3.exd5 cxd5 4.c4 Nf6 5.Nc3 Nc6 6.Nf3 a6 7.Bg5 Be6 8.Be2 Ne4
9.Nxe4 dxe4 10.d5 exf3 11.Bxf3 f6 12.Be3 Bd7 13.dxc6 Bxc6 14.Bxc6+ bxc6 15.Qa4 Qc7
16.O-O-O Kf7 17.Rd3 g6 18.Rhd1 Bg7 19.f4 Rhc8 20.g3 c5 21.Rd7 Qb6 22.Re1 Bf8
23.Bd2 Rab8 24.b3 f5 25.Kc2 Rb7 26.Ba5 Qa7 27.Red1 Rxd7 28.Qxd7 Qa8 29.Qd5+ Qxd5
30.Rxd5 Ke6 31.Rd3  1/2-1/2